Furos (Record no. 48073)

MARC details
000 -LÍDER
campo de controle de tamanho fixo 00356 a2200169 4500
001 - NÚMERO DE CONTROLE
campo de controle 48073
020 ## - ISBN - INTERNATIONAL STANDARD BOOK NUMBER
ISBN - International Standard Book Number 978-85-418-0787-6
040 ## - FONTE DA CATALOGAÇÃO
Instituição que transcreveu o registro Anchieta - Aquarius
100 ## - ENTRADA PRINCIPAL--NOME PESSOAL
Nome pessoal Bergame, Cécile
240 10 - TÍTULO UNIFORME
Título uniforme Furos
Idioma da obra por
245 10 - TÍTULO
Título Furos
300 ## - DESCRIÇÃO FÍSICA
Extensão 29
362 0# - DATAS DE PUBLICAÇÃO E/OU DESIGNAÇÃO SEQUENCIAL
Datas de publicação e/ou designação sequencial 2015
440 #1 - DECLARAÇÃO DE SÉRIE/ENTRADA ADICIONADA--TÍTULO
Título Edições SM
650 #4 - ASSUNTO--TERMO TÓPICO
Cabeçalho tópico ou nome geográfico Literatura infanto-juvenil
942 ## - ELEMENTOS DE ENTRADA ADICIONADOS (KOHA)
Tipo de material Koha Livros
Holdings
Situação do descarte Situação das perdas Situação física Não pode ser emprestado Biblioteca de origem Biblioteca atual Data de aquisição Total de empréstimos Número de chamada completo Código de barras Data de último acesso Data do preço efetivo Tipo de material Koha
        Colégio Anchieta - Aquarius Colégio Anchieta - Aquarius 21/11/2023   028.5 BER FUR 7180/AQU 21/11/2023 21/11/2023 Livros